000 00953nam a2200277 i 4500
001 bg
100 1 _aCiesielski, Mateusz.
245 1 0 _aJak wynegocjować najlepsze warunki zatrudnienia? /
_cMateusz Ciesielski.
260 _aWarszawa :
_bWolters Kluwer Polska,
_c2007.
300 _a128 s. :
_bil. ;
_c22 cm.
490 1 _aBiblioteka Gazety Wyborczej.
_p6 Kroków do Nowej Pracy
_v5
500 _aNa okł.: Odpowiedni moment, czyli kiedy zacząć szukać nowej pracy?, zwolnienie - jak odejść z klasą?, negocjacje płacowe z nowym pracodawcą.
650 9 _aNegocjacje
650 9 _aZatrudnienie
655 _aPoradniki
830 _aBiblioteka Gazety Wyborczej.
_p6 Kroków do Nowej Pracy
015 _aPB 25781/2007
020 _a9788375264081
040 _cBPK
041 _apol
044 _aPOL
080 _a005.574:331.108](083.1)
920 _a978-83-7526-408-1
942 _cKS
008 090812s2007 pl a |000 0 pol
999 _c56677
_d56677
856 _uhttp://koha.tu.koszalin.pl/cgi-bin/koha/opac-detail.pl?biblionumber=56677
_yKatalog online BPK